[Event "ROM-ch U14"]
[Site "Calimanesti Caciulata"]
[Date "2019.04.21"]
[Round "8"]
[White "Iloiu, Liviu Matei"]
[Black "Mazilu, Stefan Fabian"]
[Result "1-0"]
[WhiteElo "1536"]
[BlackElo "1521"]
[PlyCount "113"]
[EventDate "2019.04.15"]
[EventType "swiss"]
[EventRounds "9"]
[EventCountry "ROU"]
[SourceTitle "CBM 190 Extra"]
[Source "ChessBase"]
[SourceDate "2019.07.15"]
[SourceVersion "1"]
[SourceVersionDate "2019.07.15"]
[SourceQuality "1"]

1. d4 Nf6 2. Nf3 e6 3. e3 b6 4. Bd3 Bb7 5. Nbd2 c5 6. 0-0 Be7 7. Qe2 cxd4 8. exd4 0-0 9. c3 d6 10. Ne4 Nbd7 11. Bf4 Nxe4 12. Bxe4 Bxe4 13. Qxe4 d5 14. Qe2 Re8 15. Ne5 Qc8 16. Rae1 a6 17. Qh5 g6 18. Qh3 Nxe5 19. Bxe5 Qd8 20. Re3 Bg5 21. Re2 b5 22. Qg4 Bh6 23. h4 a5 24. g3 Qe7 25. Qf3 f5 26. Kg2 Bg7 27. Bxg7 Qxg7 28. Rfe1 Qf7 29. Re5 h5 30. Qe2 Qd7 31. Rxe6 Kf7 32. Rxe8 Rxe8 33. Qxe8+ Qxe8 34. Rxe8 Kxe8 35. Kf3 Ke7 36. Kf4 Kf6 37. f3 a4 38. a3 Ke6 39. Kg5 Kf7 40. g4 fxg4 41. fxg4 hxg4 42. Kxg4 Ke6 43. Kf4 Kf6 44. Kg4 Ke6 45. Kg5 Kf7 46. h5 gxh5 47. Kxh5 Kf6 48. Kg4 Kg6 49. Kf4 Kf6 50. Ke3 Ke7 51. Kd3 Kd6 52. Kc2 Kc7 53. b3 Kc6 54. bxa4 bxa4 55. Kd3 Kb5 56. c4+ dxc4+ 57. Kc3 1-0

[Event "ROM-ch U14"]
[Site "Calimanesti Caciulata"]
[Date "2019.04.20"]
[Round "7"]
[White "Ferentiu, Raul Florin"]
[Black "Iloiu, Liviu Matei"]
[Result "1/2-1/2"]
[WhiteElo "1681"]
[BlackElo "1536"]
[PlyCount "46"]
[EventDate "2019.04.15"]
[EventType "swiss"]
[EventRounds "9"]
[EventCountry "ROU"]
[SourceTitle "CBM 190 Extra"]
[Source "ChessBase"]
[SourceDate "2019.07.15"]
[SourceVersion "1"]
[SourceVersionDate "2019.07.15"]
[SourceQuality "1"]

1. e4 c5 2. Nf3 g6 3. d4 cxd4 4. Nxd4 Bg7 5. Nc3 Nc6 6. Nb3 Nf6 7. Be3 0-0 8. Be2 d6 9. 0-0 Be6 10. Bf3 Qc8 11. h3 Qd7 12. Nd4 Nxd4 13. Bxd4 Rfd8 14. Qd2 Ne8 15. Rfd1 Nc7 16. b3 Bxd4 17. Qxd4 Nb5 18. Nxb5 Qxb5 19. c4 Qg5 20. Kf1 Rdc8 21. Qd2 Qe5 22. Qd4 Qf4 23. Qd2 Qe5 1/2-1/2

[Event "ROM-ch U14"]
[Site "Calimanesti Caciulata"]
[Date "2019.04.18"]
[Round "5"]
[White "Iloiu, Liviu Matei"]
[Black "Ispas, Mihai"]
[Result "1-0"]
[WhiteElo "1536"]
[BlackElo "1335"]
[PlyCount "73"]
[EventDate "2019.04.15"]
[EventType "swiss"]
[EventRounds "9"]
[EventCountry "ROU"]
[SourceTitle "CBM 190 Extra"]
[Source "ChessBase"]
[SourceDate "2019.07.15"]
[SourceVersion "1"]
[SourceVersionDate "2019.07.15"]
[SourceQuality "1"]

1. d4 Nf6 2. Nf3 g6 3. e3 Bg7 4. Bd3 d6 5. Nbd2 0-0 6. 0-0 Nbd7 7. Qe2 e5 8. Rd1 Re8 9. dxe5 dxe5 10. e4 Nc5 11. Bc4 Qe7 12. Ng5 Rf8 13. b3 h6 14. Ngf3 Bg4 15. Ba3 Rfd8 16. h3 Bxf3 17. Qxf3 Nfd7 18. Nf1 Qe8 19. Ne3 c6 20. Bd3 Ne6 21. c3 Ndc5 22. Bc4 Ng5 23. Bxf7+ Nxf7 24. Bxc5 Ng5 25. Qe2 Kh8 26. Ng4 Rd7 27. Rxd7 Qxd7 28. Rd1 Qe8 29. h4 Ne6 30. Be3 h5 31. Nh2 Qe7 32. g3 Nc5 33. Qc4 Ne6 34. Nf3 Kh7 35. Qxe6 Qxe6 36. Ng5+ Kh8 37. Nxe6 1-0

[Event "ROM-ch U12"]
[Site "Calimanesti"]
[Date "2018.04.02"]
[Round "8"]
[White "Iloiu, Liviu Matei"]
[Black "Hejja, Adam Peter"]
[Result "1-0"]
[WhiteElo "1374"]
[BlackElo "1199"]
[PlyCount "160"]
[EventDate "2018.03.27"]
[EventType "swiss"]
[EventRounds "9"]
[EventCountry "ROU"]
[SourceTitle "CBM 183 Extra"]
[Source "ChessBase"]
[SourceDate "2018.04.19"]
[SourceVersion "1"]
[SourceVersionDate "2018.04.19"]
[SourceQuality "1"]

1. d4 d5 2. e3 Nf6 3. Bd3 b6 4. Nd2 Bb7 5. Ngf3 e6 6. 0-0 Nbd7 7. Qe2 Ne4 8. c4 Bd6 9. Rd1 0-0 10. Nf1 f5 11. Ng3 Bxg3 12. fxg3 Ndf6 13. Bd2 Nxd2 14. Rxd2 Ne4 15. Rc2 Rf6 16. Rac1 c5 17. cxd5 Bxd5 18. Bc4 Bxc4 19. Rxc4 cxd4 20. Rxd4 Qe7 21. Rcd1 Rff8 22. Rd7 Qf6 23. Rc7 Rfd8 24. Rdd7 Rxd7 25. Rxd7 Nc5 26. Rd2 Ne4 27. Rc2 Qe7 28. Qc4 Nd6 29. Qb3 Kf7 30. Ne5+ Kf6 31. Nc6 Qd7 32. Qc3+ Kg5 33. h4+ Kh6 34. Qe5 Nf7 35. Qd4 Qxd4 36. Nxd4 Nd8 37. Kf2 g6 38. Nf3 Nf7 39. Rc7 Nd6 40. Ng5 Ne4+ 41. Nxe4 fxe4 42. Re7 Rf8+ 43. Ke2 Rf6 44. Rxa7 e5 45. Re7 Rc6 46. Rxe5 Rc2+ 47. Kf1 Rxb2 48. Rxe4 Rxa2 49. Rb4 Ra6 50. Kf2 Kg7 51. Kf3 Kf6 52. Rb5 Ke6 53. g4 Kd6 54. h5 Kc7 55. Rg5 gxh5 56. gxh5 Kc6 57. Rg7 b5 58. Rxh7 Kc5 59. h6 Kb4 60. Rh8 Ka4 61. h7 Ra7 62. Ke2 b4 63. Kd2 Ka3 64. Kc1 Kb3 65. g4 Rc7+ 66. Kb1 Rf7 67. Kc1 Rc7+ 68. Kd2 Rc2+ 69. Kd1 Rc7 70. g5 Rd7+ 71. Ke2 Rg7 72. g6 Rxg6 73. Rg8 Rh6 74. h8Q Rxh8 75. Rxh8 Kb2 76. Rb8 b3 77. e4 Ka2 78. e5 b2 79. e6 b1Q 80. Rxb1 Kxb1 1-0

[Event "ROM-ch U12"]
[Site "Calimanesti"]
[Date "2018.04.01"]
[Round "7"]
[White "Pop, Andrei Nicolae"]
[Black "Iloiu, Liviu Matei"]
[Result "1/2-1/2"]
[WhiteElo "1282"]
[BlackElo "1374"]
[PlyCount "86"]
[EventDate "2018.03.27"]
[EventType "swiss"]
[EventRounds "9"]
[EventCountry "ROU"]
[SourceTitle "CBM 183 Extra"]
[Source "ChessBase"]
[SourceDate "2018.04.19"]
[SourceVersion "1"]
[SourceVersionDate "2018.04.19"]
[SourceQuality "1"]

1. e4 e6 2. g3 d5 3. Bg2 c6 4. d4 Nf6 5. e5 Nfd7 6. Ne2 c5 7. c3 Nc6 8. 0-0 Be7 9. Be3 0-0 10. Nd2 cxd4 11. cxd4 Re8 12. f4 Nf8 13. Rc1 Bd7 14. Nb3 b6 15. Rf2 Rc8 16. Nc3 Nb4 17. a3 Na6 18. Qe2 Nc7 19. Rcf1 a6 20. Bh3 Nb5 21. Qd2 Nxc3 22. bxc3 Bb5 23. Ra1 Qc7 24. a4 Bd7 25. Bf1 Qxc3 26. Bxa6 Qxb3 27. Bxc8 Rxc8 28. Rc1 Bb4 29. Qe2 Rxc1+ 30. Bxc1 Qxa4 31. Qb2 Bb5 32. Bd2 Qd1+ 33. Kg2 Bf1+ 34. Rxf1 Qxd2+ 35. Qxd2 Bxd2 36. Rd1 Ba5 37. Kf3 g6 38. Ke2 h5 39. h3 Nd7 40. Rc1 Kf8 41. g4 hxg4 42. hxg4 Ke7 43. Rf1 Bb4 1/2-1/2

[Event "ROM-ch U12"]
[Site "Calimanesti"]
[Date "2018.03.30"]
[Round "5"]
[White "Melinte, Rares Andrei"]
[Black "Iloiu, Liviu Matei"]
[Result "1/2-1/2"]
[WhiteElo "1588"]
[BlackElo "1374"]
[PlyCount "118"]
[EventDate "2018.03.27"]
[EventType "swiss"]
[EventRounds "9"]
[EventCountry "ROU"]
[SourceTitle "CBM 183 Extra"]
[Source "ChessBase"]
[SourceDate "2018.04.19"]
[SourceVersion "1"]
[SourceVersionDate "2018.04.19"]
[SourceQuality "1"]

1. d4 d5 2. c4 e6 3. Nc3 Nf6 4. e3 c6 5. Bd3 Be7 6. Nf3 Nbd7 7. 0-0 0-0 8. e4 dxe4 9. Nxe4 Nxe4 10. Bxe4 Nf6 11. Bc2 c5 12. Bg5 cxd4 13. Qd3 g6 14. Nxd4 Re8 15. Rad1 e5 16. Nb5 Qxd3 17. Bxd3 Rd8 18. Rfe1 Bf5 19. Bxf5 Rxd1 20. Rxd1 gxf5 21. f3 a6 22. Nc3 Kg7 23. Kf2 Bc5+ 24. Be3 Bxe3+ 25. Kxe3 f4+ 26. Ke2 Rc8 27. b3 b5 28. Kd3 bxc4+ 29. bxc4 Rd8+ 30. Kc2 Rc8 31. Rd6 Rxc4 32. Kd3 Rb4 33. Rxa6 Rb2 34. a4 Rxg2 35. a5 Rxh2 36. Ra8 Rh1 37. a6 Ra1 38. a7 h5 39. Nb5 Nd5 40. Rc8 Nb6 41. Rb8 Ra6 42. Rxb6 Rxb6 43. a8Q Rxb5 44. Qd8 Rb3+ 45. Ke4 Re3+ 46. Kf5 Rxf3 47. Kxe5 Re3+ 48. Kxf4 Re6 49. Qg5+ Rg6 50. Qxh5 Rf6+ 51. Ke5 Re6+ 52. Kd5 Rg6 53. Qh4 Re6 54. Qd8 Rh6 55. Ke5 Rh5+ 56. Kf4 Rh6 57. Qd4+ Kg8 58. Kg5 Rg6+ 59. Kh5 Re6 1/2-1/2

[Event "ROM-ch U12"]
[Site "Calimanesti"]
[Date "2018.03.29"]
[Round "3"]
[White "Nedelcu, Teodor Cosmin"]
[Black "Iloiu, Liviu Matei"]
[Result "1-0"]
[WhiteElo "1795"]
[BlackElo "1374"]
[PlyCount "104"]
[EventDate "2018.03.27"]
[EventType "swiss"]
[EventRounds "9"]
[EventCountry "ROU"]
[SourceTitle "CBM 183 Extra"]
[Source "ChessBase"]
[SourceDate "2018.04.19"]
[SourceVersion "1"]
[SourceVersionDate "2018.04.19"]
[SourceQuality "1"]

1. d4 Nf6 2. c4 c5 3. d5 e5 4. Nc3 d6 5. e4 Be7 6. Bd3 Nbd7 7. Nge2 h5 8. h3 h4 9. a3 Nf8 10. Bd2 Ng6 11. b4 b6 12. Rb1 Nh5 13. Qc1 Bf6 14. Nd1 Bd7 15. Bc2 a6 16. bxc5 bxc5 17. Nb2 Rb8 18. Nd3 Rxb1 19. Bxb1 Nf8 20. f4 exf4 21. Ndxf4 g5 22. Nxh5 Rxh5 23. Bc3 Ng6 24. e5 Nxe5 25. 0-0 Kf8 26. Bf5 Bxf5 27. Rxf5 Bg7 28. Nf4 gxf4 29. Rxh5 f3 30. Bxe5 f2+ 31. Kxf2 Bxe5 32. Qh6+ Bg7 33. Qh8+ Bxh8 34. Rxh8+ Ke7 35. Rxd8 Kxd8 36. Kf3 Ke7 37. Kg4 Kf6 38. Kxh4 Ke5 39. Kg4 Kd4 40. h4 Kxc4 41. h5 Kxd5 42. h6 c4 43. h7 c3 44. h8Q Kc4 45. Kf3 Kd3 46. Qh7+ Kd2 47. Qh6+ Kd1 48. Qxd6+ Kc2 49. Qxa6 Kb2 50. Qc4 c2 51. a4 c1Q 52. Qxc1+ Kxc1 1-0